书目信息 |
| 题名: |
药物化学
|
|
| 作者: | 仉文升 , 李安良 主编 | |
| 分册: | ||
| 出版信息: | 北京 高等教育出版社 1999.10 |
|
| 页数: | 618页 | |
| 开本: | 28cm | |
| 丛书名: | ||
| 单 册: | ||
| 中图分类: | R914 | |
| 科图分类: | ||
| 主题词: | 药物学:基础理论 | |
| 电子资源: | ||
| ISBN: | 7-04-016406-X | |
| 000 | 00644nam0 2200217 450 | |
| 001 | 1138116614 | |
| 005 | 20121016113532.09 | |
| 010 | @a7-04-016406-X | |
| 100 | @a20110328d1999 km y0chiy0120 ea | |
| 101 | 0 | @achi |
| 102 | @aCN@b110000 | |
| 200 | 1 | @a药物化学@Ayao wu hua xue@f仉文升,李安良主编@Fzhang wen sheng,li an liang zhu bian |
| 205 | @a第2版 | |
| 210 | @a北京@c高等教育出版社@d1999.10 | |
| 215 | @a618页@d28cm | |
| 606 | 0 | @a药物学:基础理论 |
| 690 | @aR914@v4 | |
| 701 | 0 | @a仉文升@Azhang wen sheng@4主编 |
| 701 | 0 | @a李安良@Ali an liang@4主编 |
| 801 | 0 | @aCN@b大连网信软件有限公司图书馆·11@c20121016 |
| 905 | @aZUCC@dR914@eZ278=2 | |
| 药物化学/仉文升,李安良主编.-第2版.-北京:高等教育出版社,1999.10 |
| 618页;28cm |
| ISBN 7-04-016406-X: |
| ● |
| 相关链接 |
|
|
|
正题名:药物化学
索取号:R914/Z278=2
 
预约/预借
| 序号 | 登录号 | 条形码 | 馆藏地/架位号 | 状态 | 备注 |
| 1 | 462853 | 204628536 | 自科库401/401自科库 22排3列4层/ [索取号:R914/Z278=2] | 在馆 | |
| 2 | 462854 | 204628545 | 自科库401/401自科库 22排3列4层/ [索取号:R914/Z278=2] | 在馆 | |
| 3 | 462855 | 204628554 | 自科库401/401自科库 22排3列4层/ [索取号:R914/Z278=2] | 在馆 | |
| 4 | 462856 | 204628563 | 自科库401/401自科库 22排3列4层/ [索取号:R914/Z278=2] | 在馆 | |
| 5 | 462857 | 204628572 | 自科库401/401自科库 22排3列4层/ [索取号:R914/Z278=2] | 在馆 | |
| 6 | 488800 | 204888005 | 自科二线504/504自科库 20排1列6层/ [索取号:R914/Z278=2] | 在馆 | |
| 7 | 490152 | 204901525 | 自科二线504/504自科库 22排1列2层/ [索取号:R914/Z278=2] | 在馆 | |
| 8 | 490153 | 204901534 | 自科二线504/504自科库 22排1列2层/ [索取号:R914/Z278=2] | 在馆 | |
| 9 | 490154 | 204901543 | 自科二线504/504自科库 22排1列4层/ [索取号:R914/Z278=2] | 在馆 | |
| 10 | 490155 | 204901552 | 自科二线504/504自科库 22排1列4层/ [索取号:R914/Z278=2] | 在馆 | |
| 11 | 490156 | 204901561 | 自科二线504/504自科库 22排1列4层/ [索取号:R914/Z278=2] | 在馆 | |
| 12 | 490157 | 204901570 | 自科二线504/504自科库 22排1列4层/ [索取号:R914/Z278=2] | 在馆 | |
| 13 | 490158 | 204901589 | 自科二线504/504自科库 22排1列2层/ [索取号:R914/Z278=2] | 在馆 |